Environmental economics : (Record no. 11544)
[ view plain ]
| 000 -LEADER | |
|---|---|
| fixed length control field | 01094nac a22002411u 4500 |
| 008 - FIXED-LENGTH DATA ELEMENTS--GENERAL INFORMATION | |
| fixed length control field | 090518t xxu||||| |||| 00| 0 eng d |
| 010 ## - LIBRARY OF CONGRESS CONTROL NUMBER | |
| LC control number | 00036976 |
| 020 ## - INTERNATIONAL STANDARD BOOK NUMBER | |
| International Standard Book Number | 0071255850(alk. paper) |
| 082 00 - DEWEY DECIMAL CLASSIFICATION NUMBER | |
| Classification number | 333.7 |
| Item number | FIE |
| 100 ## - MAIN ENTRY--PERSONAL NAME | |
| Personal name | Field, Barry C. |
| 9 (RLIN) | 4781 |
| 245 10 - TITLE STATEMENT | |
| Title | Environmental economics : |
| Remainder of title | an introduction / |
| Statement of responsibility, etc | Barry C. Field, Martha K. Field |
| 250 ## - EDITION STATEMENT | |
| Edition statement | 4th ed. |
| Remainder of edition statement | McGraw- Hill international edition. |
| 260 ## - PUBLICATION, DISTRIBUTION, ETC. (IMPRINT) | |
| Place of publication, distribution, etc | Boston, Mass. : |
| Name of publisher, distributor, etc | McGraw-Hill, |
| Date of publication, distribution, etc | c2006. |
| 300 ## - PHYSICAL DESCRIPTION | |
| Extent | xxi, 500 p. : |
| Other physical details | ill. ; |
| Dimensions | 23 cm. |
| 504 ## - BIBLIOGRAPHY, ETC. NOTE | |
| Bibliography, etc | Includes bibliographical references and indexes. |
| 650 #0 - SUBJECT ADDED ENTRY--TOPICAL TERM | |
| Topical term or geographic name as entry element | Environmental economics. |
| 9 (RLIN) | 4782 |
| 650 #0 - SUBJECT ADDED ENTRY--TOPICAL TERM | |
| Topical term or geographic name as entry element | Economic development |
| General subdivision | Environmental aspects. |
| 9 (RLIN) | 4783 |
| 700 1# - ADDED ENTRY--PERSONAL NAME | |
| Personal name | Field, Martha K. |
| 9 (RLIN) | 4784 |
| 856 42 - ELECTRONIC LOCATION AND ACCESS | |
| Materials specified | Publisher description |
| Uniform Resource Identifier | <a href="http://www.loc.gov/catdir/description/mh021/00036976.html">http://www.loc.gov/catdir/description/mh021/00036976.html</a> |
| 856 42 - ELECTRONIC LOCATION AND ACCESS | |
| Materials specified | Table of contents |
| Uniform Resource Identifier | <a href="http://www.loc.gov/catdir/toc/mh021/00036976.html">http://www.loc.gov/catdir/toc/mh021/00036976.html</a> |
| 942 ## - ADDED ENTRY ELEMENTS (KOHA) | |
| Item type | Book - Borrowing |
| Call number prefix | 333.7FIE |
| Source of classification or shelving scheme | Dewey Decimal Classification |
| Withdrawn status | Item status | Source of classification or shelving scheme | Damaged status | Not for loan | Vendor | Home library | Current library | Shelving location | Date acquired | Source of acquisition | Cost, normal purchase price | Serial Enumeration / chronology | Total Checkouts | Total Renewals | Full call number | Barcode | Date last seen | Date last borrowed | Koha item type |
|---|---|---|---|---|---|---|---|---|---|---|---|---|---|---|---|---|---|---|---|
| Dewey Decimal Classification | Iqraa | Central Library | Central Library | First floor | 18/05/2009 | 248.00 | 1393 | 13 | 38 | 333.7 FIE | 000016364 | 21/04/2026 | 31/03/2026 | Book - Borrowing |